Statistics for Welcome to Duloc lyrics- Shrek

Click here to take the quiz!

General Stats

  • This quiz has been taken 43 times
  • The average score is 43 of 54

Answer Stats

Answer% Correct
a
100%
a
100%
Duloc
100%
Duloc
100%
Duloc
100%
Duloc
100%
Duloc
100%
the
100%
to
97%
we
97%
Welcome
97%
is
94%
is
94%
is
94%
is
94%
the
94%
face
91%
place
91%
place
91%
your
91%
your
91%
your
91%
perfect
89%
perfect
89%
perfect
89%
shoes
89%
wipe
89%
grass
80%
have
80%
rules
80%
some
80%
off
77%
town
77%
down
74%
such
74%
lay
71%
let
71%
them
71%
us
71%
Here
69%
Keep
69%
And
66%
Shine
66%
stay
66%
in
63%
feet
60%
line
60%
we'll
60%
fine
57%
get
54%
along
51%
make
43%
Don't
37%
waves
34%

Score Distribution

Percentile by Number Answered

Percent of People with Each Score

Your Score History

You have not taken this quiz